| 000 | 00482nam a2200181Ia 4500 | ||
|---|---|---|---|
| 003 | OSt | ||
| 005 | 20200924140608.0 | ||
| 008 | 190216s9999||||xx |||||||||||||| ||und|| | ||
| 040 | _coclc | ||
| 082 |
_a575 _bSAV/E |
||
| 100 |
_aSavage, Jay M _94954 |
||
| 245 | 0 |
_aEvolution / _cJay M Savage |
|
| 250 | _a2nd Ed. | ||
| 260 |
_bHolt, Rinehart and Winston, _c1969. _aNew York: |
||
| 300 | _a152p | ||
| 650 | _aBotany | ||
| 942 |
_cBK _2ddc _h575 _iSAV/E _k575 _mSAV/E |
||
| 999 |
_c1266 _d1266 |
||